Qué tan lejos = How Much Further /

Durante el trayecto por las montañas de Ecuador el autobús en que viajan dos chicas se avería, por lo que continuan su viaje por su cuenta y en esa aventura al entrar en contacto con otras personas descubrirán la importancia de la vida, el amor y la amistad.

保存先:
書誌詳細
第一著者: Hermida, Tania (realización)
その他の著者: Martínez, Tania (actuación) (actuación), Vallejo, Cecilia (actuación) (actuación), Aguirre, Pancho (actuación) (actuación)
フォーマット: スライド
言語:スペイン語
出版事項: Miami, EUA : Venevisión International [dist.], 2008, c2008
主題:
タグ: タグ追加
タグなし, このレコードへの初めてのタグを付けませんか!

MARC

LEADER 00000ngm^a2200000^a^4500
001 000300724
005 20250521000000.0
009 20260310112524.102
037 |a Acervo ITESO - Biblioteca 
041 |a ESP 
082 |a 860.  |b HER 
100 |a Hermida, Tania  |e (realización) 
245 1 0 |a Qué tan lejos =  |b How Much Further /  |c Realización de T. Hermida. 
264 4 |a Miami, EUA :  |b Venevisión International [dist.],  |c 2008, c2008 
300 |a 1 DVD región 1  |c (105 min.) 
336 |a imagen móvil bidimensional  |b tdi  |2 rdacontenido 
337 |a video  |b v  |2 rdamedio 
338 |a videodisco  |b vd  |2 rdasoporte 
520 |a Durante el trayecto por las montañas de Ecuador el autobús en que viajan dos chicas se avería, por lo que continuan su viaje por su cuenta y en esa aventura al entrar en contacto con otras personas descubrirán la importancia de la vida, el amor y la amistad. 
546 |a En español, con subtítulos opcionales: inglés 
649 |a XX 
650 |a Dramas Cinematográficos 
650 |a Cine Ecuatoriano -  |y 2000-2009 
650 |a Cine Ecuatoriano -  |y Siglo XXI 
650 |a Cine de Mujeres -  |z Ecuador 
650 |a Amistad 
650 |a Comunicación Personal 
650 |a Ecuador en el Cine 
700 |a Martínez, Tania  |e (actuación) 
700 |a Vallejo, Cecilia  |e (actuación) 
700 |a Aguirre, Pancho  |e (actuación) 
910 |a Fondo General 
920 |a Audiovisuales - DVDs 
940 |a Películas 
905 |a 302 
901 |a 0500198458  |b IT2  |c DVS  |i C123626  |u 20250521 
902 |a https://opac.biblio.iteso.mx/vufind/Record/000300724